000 00269nam a2200109Ia 4500
008 240625s9999 xx 000 0 und d
041 _aeng
082 _a658.150285 PRO
100 _aPROCTOR K SCOTT
245 _aBUILDING FINANCIAL MODELS WITH MICROSOFT
260 _c2009
999 _c34784
_d34784